Les clés de lïhistoire contemporaine: histoire du monde de la révolution française à nos jours en 212 épisodes
Guardat en:
| Autor principal: | |
|---|---|
| Format: | Llibre |
| Idioma: | francès |
| Publicat: |
París, Francia
Fayard
2001
|
| Matèries: | |
| Etiquetes: |
Afegir etiqueta
Sense etiquetes, Sigues el primer a etiquetar aquest registre!
|
MARC
| LEADER | 00000nam a2200000 a 4500 | ||
|---|---|---|---|
| 001 | UCJ0637 | ||
| 003 | CL-VaPUC | ||
| 005 | 20210609001728.0 | ||
| 008 | 060825e20010000FR |||||||||||||||||fre|d | ||
| 999 | |c 317402 |d 317400 | ||
| 020 | |a 9782253115021 | ||
| 040 | |c Pontificia Universidad Católica de Valparaíso | ||
| 082 | 0 | 4 | |a 909.8 GAL 2001 |2 21 |
| 100 | |a Gallo, Max |e author |9 594594 | ||
| 245 | 1 | 4 | |a Les clés de lïhistoire contemporaine: |b histoire du monde de la révolution française à nos jours en 212 épisodes |
| 260 | |a París, Francia |b Fayard |c 2001 | ||
| 300 | |a 951 páginas | ||
| 583 | |a last modification |c 20140408 10:17:40 |k Rodrigo Vera | ||
| 650 | 0 | |a Historia contemporánea |9 343224 | |
| 650 | 0 | |a Revolución francesa |9 324244 | |
| 650 | 0 | |a Revolución industrial |9 309422 | |
| 650 | 7 | |a SEGUNDA GUERRA MUNDIAL |2 CL-VaPUC |9 336657 | |
| 942 | |c BK |2 ddc | ||
| 945 | |d 20060825 00:00:00 |a jtorresc | ||
| 952 | |0 0 |1 0 |2 ddc |4 0 |6 909_800000000000000_GAL_2001 |7 0 |8 A |9 393744 |a BIBHIS |b BIBHIS |d 2019-11-22 |i 4262271 |o 909.8 GAL 2001 |p 4262271 |r 2025-01-20 |t 1 |w 2019-11-22 |y BK |k HIS | ||